000 00807nam a2200253Ia 4500
003 OSt
005 20220923223836.0
006 a|||||r|||| 00| 0
007 ta
008 220922b |||||||| |||| 00| 0 hin d
024 _a222,137
037 _cTextual
040 _aARTS
_cARTS
_bhin
041 _2hin
_ahin
082 _aO5925,3x, 152P3
100 _aवर्मा, निर्मल, अनु.
245 0 _aप्राग वर्ष
246 _aPrāg varṣha
260 _aनयी दिल्ली
_b राजकमल प्रकाशन
_c2003
300 _a231 i`B
_ccm.
650 _aहिन्दी साहित्य
_9156264
942 _hO5925,3x, 152P3
_cTEXL
_2CC
999 _c367646
_d367646